[Event "Paignton Ron Bruce Premier"]
[Site "Paignton ENG"]
[Date "2011.09.04"]
[Round "1"]
[White "McMillan,H"]
[Black "Almond,R"]
[Result "0-1"]
[WhiteElo "2002"]
[BlackElo "2122"]

1.c4 c6 2.g3 d5 3.Bg2 Nf6 4.Nf3 Bf5 5.cxd5 cxd5 6.Qb3 Qb6 7.Qxb6 axb6 8.Nc3 Nc6
9.O-O e6 10.d3 Bc5 11.Bf4 O-O 12.a3 h6 13.Nb5 g5 14.Be5 Nxe5 15.Nxe5 Ra5
16.a4 Ng4 17.Nxg4 Bxg4 18.d4 Bxe2 19.dxc5 Bxf1 20.Bxf1 bxc5 21.Rc1 b6 22.b3 Kg7
23.Rc2 Raa8 24.f4 gxf4 25.gxf4 Rg8 26.Bh3 Kf6+ 27.Rg2 Rxg2+ 28.Kxg2 Rc8 29.Nc3 c4
30.b4 Ra8 31.f5 d4 32.Ne4+ Ke5 33.Nd2 c3 34.Nc4+ Kf6  0-1

[Event "20th TCh-CRO w"]
[Site "Sibenik CRO"]
[Date "2011.09.04"]
[Round "1.2"]
[White "Franciskovic,B"]
[Black "Ushenina,A"]
[Result "1/2-1/2"]
[WhiteElo "2265"]
[BlackElo "2462"]

1.c4 c6 2.Nf3 d5 3.b3 Bg4 4.e3 e6 5.Bb2 Nd7 6.Be2 Ngf6 7.O-O Bd6 8.cxd5 exd5
9.d3 O-O 10.Nbd2 Re8 11.Re1 Nf8 12.Qc2 Ng6 13.Bf1 Ne5 14.Nxe5 Bxe5 15.h3 Bxb2
16.Qxb2 Bf5 17.Nf3 Re7 18.Rac1 Qb6 19.Qc3 Ne8 20.Qc5 Qxc5 21.Rxc5 Nd6 22.b4 Bd7
23.Nd4 Ree8 24.Rb1 Rec8 25.Rc2 a5 26.a3 axb4 27.axb4 Ra4 28.Be2 Kf8 29.g4 Rca8
30.Kg2 Ra1 31.Rxa1 Rxa1 32.Rb2 Ke8 33.Bf3 Ra3 34.Rb3 Ra4 35.e4 dxe4 36.dxe4 f6
37.Nf5 Bxf5 38.exf5 Kd7 39.Be2 b5 40.f4 Ra2 41.Kf3 h6 42.Bd3 Nc8 43.Be4 Nb6
44.g5 Nc4 45.Kg4 Rf2 46.gxh6 gxh6 47.Bf3 Kc7 48.Kg3 Rd2 49.Kg4 Rd4 50.Be2 Ne5+
51.Kg3 Nf7 52.Kg4 Nd6 53.Bd3 Kb6 54.Kh5 Rxf4 55.Kg6 Rf3 56.Bc2 Rf2 57.Bd3 Rf3  1/2-1/2

[Event "20th TCh-CRO w"]
[Site "Sibenik CRO"]
[Date "2011.09.04"]
[Round "1.1"]
[White "Mrakovcic,K"]
[Black "Turk,Vesna"]
[Result "1-0"]
[WhiteElo "1768"]
[BlackElo "1716"]

1.c4 c6 2.Nf3 Nf6 3.d4 d5 4.Qc2 e6 5.g3 Ne4 6.Bg2 Bb4+ 7.Nbd2 Nxd2 8.Nxd2 Qa5
9.O-O Bxd2 10.Bxd2 Qd8 11.Bb4 Nd7 12.Rad1 f6 13.cxd5 exd5 14.e4 Nb6 15.Rfe1 Kf7
16.exd5 Re8 17.Rxe8 Kxe8 18.dxc6 Nd5 19.Qe4+ Ne7 20.Bxe7 Qxe7 21.Qxe7+ Kxe7
22.cxb7  1-0

[Event "TCh-SRB Premier Women"]
[Site "Valjevo SRB"]
[Date "2011.09.04"]
[Round "9.6"]
[White "Foisor,C"]
[Black "Olarasu,G"]
[Result "1/2-1/2"]
[WhiteElo "2427"]
[BlackElo "2287"]

1.c4 c6 2.Nc3 d5 3.e3 Nf6 4.Nf3 a6 5.d4 e6 6.Qc2 Nbd7 7.Bd2 dxc4 8.Bxc4 b5
9.Be2 Bb7 10.O-O c5 11.dxc5 Bxc5 12.b4 Be7 13.a4 bxa4 14.Qxa4 O-O 15.Nd4 Qb6
16.Rab1 Ne5 17.Qa5 Qd6 18.Qc5 Ne4 19.Nxe4 Bxe4 20.Qxd6 Bxd6 21.Rb3 Bd5 22.Ra3 Nc4
23.Bxc4 Bxc4 24.Rc1 Bd5 25.Nb3 Be5 26.Nd4 Bb7 27.Ra5 Bxd4 28.exd4 Rac8 29.Rac5 h6
30.f3 Rfd8 31.Be3 Kf8 32.Kf2 Ke7 33.g4 Rxc5 34.bxc5 Bc6 35.Rb1 Bb5 36.h4 Kd7
37.f4 Kc6 38.Ra1 Ra8 39.Bd2 Rd8 40.Ke3 g6 41.Rh1 Rd7 42.h5 gxh5 43.gxh5 Rd5
44.Ba5 Kd7 45.Rh2 Rf5 46.Bc3 Kc6 47.Ke4 Ba4 48.Ba5 Bb5 49.Bb6 Ba4 50.Ra2 Bb5
51.Rg2 Rxh5 52.Rg7 Bc4 53.Rxf7 Bd5+ 54.Ke3 Kb5 55.Ra7 Rh3+ 56.Kd2 h5 57.Bd8 Rf3
58.Rh7 Rxf4 59.Rxh5 Rxd4+ 60.Ke3 Re4+ 61.Kd3 Kxc5 62.Rh4 Re1 63.Be7+ Kc6
64.Ra4 Kd7 65.Ba3 Bb7 66.Rd4+ Kc7 67.Kd2 Rh1 68.Bd6+ Kb6 69.Bf4 Bd5 70.Rb4+ Kc5
71.Rb8 a5 72.Be3+ Kd6 73.Bf4+ Kc6 74.Rc8+ Kb7 75.Rc1 Rh4 76.Rb1+ Ka6 77.Bc7 Rc4
78.Bd8 a4 79.Be7 Rg4 80.Rb4 Rg2+ 81.Kc3 Bb3 82.Rb8 Rc2+ 83.Kd3 Rc1 84.Ba3  1/2-1/2

[Event "FIDE World Cup 2011"]
[Site "Khanty-Mansiysk RUS"]
[Date "2011.09.05"]
[Round "3.3"]
[White "Nepomniachtchi,I"]
[Black "Kamsky,G"]
[Result "0-1"]
[WhiteElo "2711"]
[BlackElo "2741"]

1.c4 c6 2.Nf3 Nf6 3.e3 d5 4.Nc3 g6 5.d4 Bg7 6.Bd3 O-O 7.h3 c5 8.O-O cxd4
9.exd4 dxc4 10.Bxc4 a6 11.Re1 b5 12.Bb3 Bb7 13.Bg5 Nc6 14.Qe2 Nxd4 15.Nxd4 Qxd4
16.Qxe7 Qb6 17.Be3 Qc6 18.f3 Rae8 19.Qc5 Rc8 20.Qxc6 Bxc6 21.Rad1 Rfe8 22.Kf2 a5
23.a3 b4 24.axb4 axb4 25.Ne2 Bf8 26.Rd2 Rxe3 27.Kxe3 Bh6+ 28.f4 Re8+ 29.Kd4 Bxg2
30.Ra1 Bg7 31.Rc2 Nd5+ 32.Kc5 Rc8+ 33.Kb5 Rb8+ 34.Kc5 Ne3 35.Rd2 Bf8+ 36.Kd4 Nf5+
37.Kc4 Bxh3 38.Ra5 Bf1 39.Kd3 Ng3 40.Bd1 b3 41.Ke3 Bxe2 42.Rxe2 Nxe2 43.Kxe2 f5
44.Rd5 Rb4 45.Kf3 h5 46.Kg2 Bh6 47.Rd6 Kh7 48.Rd7+ Bg7 49.Kg3 Kh6 50.Rd3 Bxb2
51.Rxb3 Rd4 52.Bxh5 Kxh5 53.Rxb2 Rd3+ 54.Kf2 Kg4 55.Rb6 Kxf4 56.Rxg6 Rd2+
57.Kg1 Kf3 58.Ra6 Rd1+ 59.Kh2 Re1 60.Ra8 f4 61.Ra7 Ke3 62.Ra3+ Kf2 63.Ra4 f3
64.Ra8 Kf1 65.Ra3 f2 66.Ra2 Re8 67.Ra1+ Ke2 68.Ra2+ Kf3 69.Ra3+ Re3 70.Ra4 f1=Q
71.Rf4+ Ke2  0-1

[Event "9th Amantea Open"]
[Site "Amantea ITA"]
[Date "2011.09.06"]
[Round "3"]
[White "Sarro,E"]
[Black "Rotelli,P"]
[Result "1/2-1/2"]
[WhiteElo "1979"]
[BlackElo "1918"]

1.c4 c6 2.Nf3 d5 3.cxd5 cxd5 4.d4 Nc6 5.Nc3 Nf6 6.e3 e6 7.Bb5 Bd7 8.O-O Bd6
9.Bd2 O-O 10.Rc1 Rc8 11.Qe2 Ne4 12.Bd3 f5 13.Ne1 Rf6 14.f4 Rh6 15.Nf3 Be8
16.Bxe4 fxe4 17.Ne5 Bxe5 18.fxe5 Ne7 19.Nb5 Rxc1 20.Rxc1 Nf5 21.Be1 a6 22.Na7 Bd7
23.Bf2 Ne7 24.Qc2 Nc6 25.Nxc6 Bxc6 26.b3 g5 27.a4 Rg6 28.Be1 h6 29.Bb4 g4
30.Rf1 Qg5 31.Qf2 Qf5 32.Qh4 Qg5 33.Rf8+ Kg7 34.Qf2 Kh7 35.Rf7+ Rg7 36.Bf8 Rxf7
37.Qxf7+ Kh8 38.Qf2 h5 39.g3 Kg8 40.Bd6 Qf5 41.Qxf5 exf5 42.a5 Kf7 43.Kf2 Ke6
44.Ke2 Be8 45.Kd2 Bf7 46.Kc3 Kd7  1/2-1/2

[Event "FSIM September"]
[Site "Budapest HUN"]
[Date "2011.09.06"]
[Round "4"]
[White "Galyas,M"]
[Black "Koczo,K"]
[Result "1-0"]
[WhiteElo "2458"]
[BlackElo "2221"]

1.c4 c6 2.Nf3 d5 3.e3 Nf6 4.Nc3 e6 5.b3 Nbd7 6.Bb2 Be7 7.d4 b6 8.Bd3 Bb7
9.O-O O-O 10.Qe2 Rc8 11.Rad1 Qc7 12.Ne5 Nxe5 13.dxe5 Nd7 14.f4 Rfd8 15.cxd5 cxd5
16.Nb5 Qb8 17.f5 g6 18.fxe6 fxe6 19.Qg4 Nf8 20.Qf4 Rd7 21.Qf7+ Kh8 22.Nd6 Bg5
23.Qf2 Bh6 24.Nxc8 Qxc8 25.Ba3 d4 26.Qxf8+ Bxf8 27.Rxf8+ Qxf8 28.Bxf8 dxe3
29.Bd6 Rf7 30.Rf1  1-0

[Event "10th Izmir Open"]
[Site "Izmir TUR"]
[Date "2011.09.06"]
[Round "7"]
[White "Sengul,C"]
[Black "Burcu,C"]
[Result "1/2-1/2"]
[WhiteElo "2165"]
[BlackElo "1899"]

1.c4 c6 2.Nf3 Nf6 3.b3 d5 4.Bb2 Bf5 5.g3 h6 6.Bg2 e6 7.O-O Nbd7 8.d3 Bd6
9.Nbd2 Qe7 10.e4 dxe4 11.dxe4 Bg4 12.h3 Bxf3 13.Nxf3 Nxe4 14.Bxg7 Rg8 15.Bd4 O-O-O
16.Qc2 f5 17.b4 Bxb4 18.Rab1 Bc5 19.Rfd1 e5 20.Qb2 Bb6 21.Bxb6 axb6 22.Nh4 Rg5
23.Nxf5 Rxf5 24.Bxe4 Rf6 25.Qc2 Rdf8 26.Rd2 Rd6 27.Rbd1 Rxd2 28.Rxd2 Qf6
29.Rd3 Kc7 30.Rf3 Qe7 31.Rxf8 Qxf8 32.Kg2 Nc5 33.Bf5 Qd6 34.h4 Qd4 35.Qc1 Ne4
36.Bxe4 Qxe4+ 37.Kh2 h5 38.Qe3 Qf5 39.Kg2 c5 40.Qf3 Qg6 41.Qd5 Qf5 42.a4 Kb8
43.Qd8+ Ka7 44.a5 Qe4+ 45.Kh2 Qxc4 46.Qxb6+ Ka8 47.Qd8+ Ka7 48.Qb6+ Ka8  1/2-1/2

[Event "VII Ugra Governor's Cup"]
[Site "Khanty-Mansiysk RUS"]
[Date "2011.09.06"]
[Round "7"]
[White "Kabanova,E"]
[Black "Limar,Dmitry"]
[Result "1-0"]
[WhiteElo "2199"]
[BlackElo "1982"]

1.c4 c6 2.e3 g6 3.Qc2 Bg7 4.Nf3 Nf6 5.Be2 d5 6.O-O O-O 7.d3 Re8 8.Nc3 Na6
9.a3 Bf5 10.e4 Bg4 11.cxd5 cxd5 12.e5 Nd7 13.d4 Nb6 14.h3 Bf5 15.Qb3 Rc8
16.Nb5 Bc2 17.Qa2 Ra8 18.Bd2 Be4 19.Qb3 Bxf3 20.gxf3 Qd7 21.Kg2 Nc4 22.Bxc4 dxc4
23.Qxc4 Rac8 24.Qe2 Rc2 25.Rfd1 Rxb2 26.Rab1 Rxb1 27.Rxb1 Rd8 28.Be3 Nc7
29.Nxa7 Ne6 30.Nb5 f5 31.f4 g5 32.f3 gxf4 33.Bf2 Kh8 34.h4 Rg8 35.Kf1 Qc6
36.Rd1 Nc7 37.Nxc7 Qxc7 38.Qb5 Rd8 39.Qb3 Qc6 40.Ke2 Rc8 41.Rd2 Qa6+ 42.Qd3 Rc3
43.Qxa6 bxa6 44.Rd3 Rc2+ 45.Kf1 Kg8 46.Rb3 Ra2 47.Be1 Kf7 48.Bc3 Ke6 49.Bb2 Kd5
50.Ke2 e6 51.Kd3 Bf8 52.Kc3 h5 53.Kc2 Be7 54.Rd3 Bxh4 55.Kb3 Rxb2+ 56.Kxb2 Bf2
57.Kc3  1-0

[Event "TCh-POL 1st League"]
[Site "Mrzezyno POL"]
[Date "2011.09.06"]
[Round "4"]
[White "Hudziak,P"]
[Black "Siwiec,A"]
[Result "0-1"]
[WhiteElo "2207"]
[BlackElo "2160"]

1.c4 c6 2.Nf3 d5 3.e3 Nf6 4.Qc2 g6 5.b3 Bg7 6.Bb2 O-O 7.Be2 Bg4 8.d3 Re8
9.Nbd2 Nbd7 10.h3 Bxf3 11.Bxf3 e5 12.O-O Nf8 13.cxd5 Nxd5 14.a3 f5 15.b4 a6
16.Nc4 Kh8 17.Rfd1 Qe7 18.e4 Nf4 19.Kh2 Qc7 20.g3 N4e6 21.exf5 gxf5 22.Re1 Ng6
23.Qe2 Ng5 24.Bg2 Re7 25.h4 Nf7 26.h5 Nf8 27.Qf3 Nh6 28.Bh3 Rae8 29.Ne3 Ne6
30.Rac1 Ng5 31.Qg2 Nxh3 32.Qxh3 Qd7 33.Rcd1 Re6 34.Kg1 Qf7 35.Bc3 Rd8 36.Nc4 Rde8
37.Ne3 R8e7 38.Nc4 Ng4 39.f3 Nh6 40.Re2 b5 41.Na5 Rd6 42.g4 e4 43.Bxg7+ Qxg7
44.fxe4 Rxe4 45.Rxe4 fxe4 46.Qg3 Qd4+ 47.Kg2 exd3 48.Nb3 Qd5+ 49.Qf3 Qxb3
50.Qf8+ Qg8 51.Qxd6 Qxg4+ 52.Kf2 Qe2+ 53.Kg1 Qxd1+ 54.Kg2 Qe2+  0-1

[Event "5th ch-Euro IBCA"]
[Site "Rhodes GRE"]
[Date "2011.09.06"]
[Round "1.15"]
[White "Pribeanu,M"]
[Black "Carapit,V"]
[Result "1-0"]
[WhiteElo "2206"]
[BlackElo "1845"]

1.c4 c6 2.Nf3 e6 3.g3 Bc5 4.Bg2 Nf6 5.O-O O-O 6.a3 a5 7.d4 Bb6 8.Nc3 d5 9.c5 Bc7
10.Bf4 Nbd7 11.Qc2 Re8 12.Bxc7 Qxc7 13.b4 axb4 14.axb4 Rxa1 15.Rxa1 e5 16.e3 exd4
17.exd4 b5 18.Ra5 Ne4 19.Nxe4 Rxe4 20.Ra8 f5 21.Bh3 g6 22.Qa2 Nf6 23.Qa5 Qxa5
24.Rxc8+  1-0

[Event "VII Ugra Governor's Cup"]
[Site "Khanty-Mansiysk RUS"]
[Date "2011.09.07"]
[Round "8"]
[White "Jumabayev,R"]
[Black "Akselrod,V"]
[Result "1-0"]
[WhiteElo "2589"]
[BlackElo "2431"]

1.c4 c6 2.Nf3 d5 3.e3 Nf6 4.Nc3 g6 5.Be2 Bg7 6.O-O O-O 7.d4 Bf5 8.Bd2 Ne4
9.Be1 dxc4 10.Bxc4 Nd6 11.Bb3 Nd7 12.Nh4 Nf6 13.f3 Bc8 14.g3 Bh3 15.Ng2 Nd5
16.Bf2 Nxc3 17.bxc3 e5 18.Qd3 Qe7 19.e4 Rad8 20.Rfe1 b6 21.Rad1 Be6 22.Ne3 exd4
23.cxd4 Nb5 24.d5 Bc8 25.Nc2 Nc3 26.Rc1 cxd5 27.e5 d4 28.Nxd4 Bxe5 29.Qxc3 Qf6
30.Rcd1 Bb7 31.f4 Bb8 32.Qe3 Bd6 33.h4 Bc5 34.Qe5 Bxd4 35.Bxd4  1-0

[Event "Paignton Ron Bruce Premier"]
[Site "Paignton ENG"]
[Date "2011.09.07"]
[Round "4"]
[White "Berry,S"]
[Black "Crouch,C"]
[Result "1-0"]
[WhiteElo "2320"]
[BlackElo "2365"]

1.c4 c6 2.Nf3 d5 3.g3 dxc4 4.Bg2 Nd7 5.O-O g6 6.a4 Nc5 7.b4 Bg7 8.Ra2 Na6
9.Ba3 Nf6 10.Rc2 Be6 11.Ng5 Bd7 12.Rxc4 O-O 13.Rc1 h6 14.Ne4 Nxe4 15.Bxe4 Bh3
16.Bg2 Bxg2 17.Kxg2 Nc7 18.Nc3 a5 19.Qb3 Qxd2 20.bxa5 Ne6 21.Bxe7 Nd4 22.Qc4 Rfe8
23.Rfd1 Qb2 24.Rb1 Qc2 25.Rxb7 Ne6 26.Rd3 Rxa5 27.Qxc6 Rea8 28.Bb4 Rg5 29.Rxf7 Kxf7
30.Rd7+ Kg8 31.Qxe6+ Kh8 32.Rxg7 Kxg7 33.Qe7+ Kg8 34.Qe6+ Kg7 35.Ne4 Rf8
36.Bc3+ Kh7 37.Qd7+ Kg8 38.Qg7+  1-0

[Event "Paignton Ron Bruce Premier"]
[Site "Paignton ENG"]
[Date "2011.09.09"]
[Round "6"]
[White "Berry,S"]
[Black "Henriksson,Jo"]
[Result "1/2-1/2"]
[WhiteElo "2320"]
[BlackElo "2289"]

1.c4 c6 2.Nf3 d5 3.g3 Nf6 4.Bg2 dxc4 5.O-O Nd5 6.a4 e6 7.Na3 Bxa3 8.bxa3 O-O
9.Qc2 Qa5 10.Qxc4 Nb6 11.Qh4 Qxa4 12.d4 f6 13.e4 N8d7 14.Rb1 Rf7 15.Rb4 Qa5
16.Rd1 Nf8 17.Qf4 Nbd7 18.Qd6 Qd8 19.Bf1 Qe7 20.Bf4 Qxd6 21.Bxd6 b6 22.Nd2 Bb7
23.Nc4 c5 24.dxc5 Nxc5 25.Bxc5 bxc5 26.Rb5 Rc7 27.Ra5 Nd7 28.Nd6 Kf8 29.Nxb7 Rxb7
30.Bb5 Ne5 31.Rc1 Rc7 32.Kg2 Ke7 33.f4 Nd7 34.Bxd7 Kxd7 35.Raxc5 Rxc5 36.Rxc5 Rc8
37.Ra5 Rc7 38.Kf3 Kc8 39.Ra6 Re7 40.e5 Kb7 41.Rd6 fxe5 42.fxe5 Kc7 43.Ke4 Re8
44.h4 g6 45.g4 h6 46.Rd3 Rf8 47.Rd6 Re8  1/2-1/2

[Event "FSIM September"]
[Site "Budapest HUN"]
[Date "2011.09.11"]
[Round "9"]
[White "Horvath,Dav"]
[Black "Koczo,K"]
[Result "1-0"]
[WhiteElo "2349"]
[BlackElo "2221"]

1.c4 c6 2.Nf3 d5 3.e3 Nf6 4.Nc3 g6 5.Be2 Bg7 6.O-O O-O 7.d4 b6 8.cxd5 cxd5
9.Ne5 Ba6 10.Bxa6 Nxa6 11.Bd2 Nc7 12.Rc1 Nce8 13.Qb3 Ne4 14.Nxe4 dxe4 15.Nc6 Qd7
16.Qd5 Nd6 17.Bb4 Bf6 18.Bxd6 Qxd6 19.Qxe4 a6 20.a3 Rac8 21.Nb4 b5 22.Qb7 Rxc1
23.Rxc1 a5 24.Nd3 Rb8 25.Qc7 Qxc7 26.Rxc7 Kf8 27.Kf1 Ke8 28.Ke2 Kd8 29.Ra7 a4
30.Kd2 Kc8 31.Kc3 Rb7 32.Ra8+ Kc7 33.Nc5 Rb6 34.Kb4 e5 35.Ra7+ Kc8 36.d5 e4
37.Rxf7 Bxb2 38.Nxe4  1-0

[Event "CHOM Open A"]
[Site "Montreal CAN"]
[Date "2011.09.11"]
[Round "5"]
[White "Schott,G"]
[Black "Gerzhoy,L"]
[Result "0-1"]
[WhiteElo "2184"]
[BlackElo "2503"]

1.c4 c6 2.Nf3 d5 3.g3 Nf6 4.Bg2 dxc4 5.O-O g6 6.a4 Bg7 7.Na3 Qd5 8.Qc2 Be6
9.Ne1 Qh5 10.Nf3 Qd5 11.Ne1 Qh5 12.Nf3 O-O 13.Nxc4 Nbd7 14.d3 Bh3 15.Bd2 Bxg2
16.Kxg2 Nd5 17.e4 N5b6 18.Ne3 Ne5 19.Nxe5 Qxe5 20.a5 Nd7 21.Bc3 Qe6 22.d4 Rac8
23.Rfe1 Nf6 24.f3 Rfd8 25.Rad1 Ne8 26.Qa4 Nc7 27.d5 cxd5 28.Bxg7 Kxg7 29.Qd4+ Qf6
30.e5 Qe6 31.Qxa7 Nb5 32.Qb6 Qxb6 33.axb6 d4 34.Nf1 Rc6 35.Rd2 Rxb6 36.Ne3 Rc6
37.Nd1 Nc7 38.Re4 Ne6 39.f4 Rdc8 40.Kf1 Rc1 41.Ke2 Nc5 42.Rexd4 Nb3 43.Nc3 Nxd4+
44.Rxd4 Rh1  0-1

[Event "ch-Euro Youth b14"]
[Site "Albena BUL"]
[Date "2011.09.12"]
[Round "2.11"]
[White "Ventura Bolet,M"]
[Black "Khegay,D"]
[Result "1/2-1/2"]
[WhiteElo "1996"]
[BlackElo "2200"]

1.c4 c6 2.Nf3 Nf6 3.g3 d5 4.b3 Bf5 5.Bg2 e6 6.O-O Be7 7.d3 h6 8.Bb2 O-O 9.Nbd2 Nbd7
10.Rc1 Nh7 11.Re1 a5 12.a3 Bc5 13.Rc2 Qb6 14.Rf1 e5 15.b4 axb4 16.axb4 Bxb4
17.cxd5 Bxd2 18.dxc6 e4 19.Nxd2 exd3 20.exd3 bxc6  1/2-1/2

[Event "ch-Euro Youth b14"]
[Site "Albena BUL"]
[Date "2011.09.13"]
[Round "3.26"]
[White "Lenaerts,L"]
[Black "Popov,Andrey2"]
[Result "0-1"]
[WhiteElo "1902"]
[BlackElo "2062"]

1.c4 c6 2.Nf3 Nf6 3.g3 d5 4.Bg2 g6 5.b3 Bg7 6.Bb2 Qb6 7.Qc2 Bf5 8.d3 O-O
9.O-O Na6 10.a3 Rfe8 11.Nbd2 Rad8 12.h3 Nb8 13.Rfe1 Bc8 14.e4 dxe4 15.Nxe4 Nxe4
16.dxe4 e5 17.Rad1 Nd7 18.b4 c5 19.b5 Nf8 20.Rxd8 Qxd8 21.Rd1 Qc7 22.Rd5 b6
23.Nh2 Bb7 24.Rd2 Ne6 25.Ng4 Nd4 26.Qd1 Bc8 27.Ne3 Be6 28.Rd3 Qc8 29.Kh2 h5
30.Nd5 Qd8 31.Bc1 Bxd5 32.exd5 f5  0-1

[Event "ch-Euro Youth b16"]
[Site "Albena BUL"]
[Date "2011.09.13"]
[Round "3.13"]
[White "Nikologorskiy,K"]
[Black "Savitski,A"]
[Result "1-0"]
[WhiteElo "2308"]
[BlackElo "1993"]

1.c4 c6 2.Nf3 d5 3.b3 Nf6 4.Bb2 Bf5 5.g3 e6 6.Bg2 Nbd7 7.O-O Bd6 8.d3 O-O
9.Nbd2 Bg6 10.Qc2 e5 11.e4 Re8 12.Nh4 Rc8 13.Bh3 b5 14.Rae1 bxc4 15.bxc4 Rb8
16.Nxg6 hxg6 17.Bg2 d4 18.Nb3 a5 19.Bc1 Bb4 20.Nd2 Nc5 21.h3 a4 22.f4 Nh5
23.Kh2 exf4 24.g4 Nf6 25.Re2 a3 26.Kh1 Qc7 27.Nf3 Ne6 28.Qa4 Nd7 29.Ref2 g5
30.Nxg5 Nxg5 31.Bxf4 Re5 32.h4 Ne6 33.Bh2 f6 34.g5 Bd6 35.Bxe5 Bxe5 36.Qd1 Nf4
37.Qg4 Nxd3 38.Rf3 N7c5 39.gxf6 Qf7 40.Bh3 Re8 41.fxg7 Qxg7 42.Qh5 Rb8 43.Rf7 Qh8
44.Qg6+ Bg7 45.Re7 Qh6 46.Qf7+ Kh8 47.Re8+ Rxe8 48.Qxe8+ Bf8 49.Rxf8+  1-0

[Event "US Chess League 2011"]
[Site "ICC INT"]
[Date "2011.09.14"]
[Round "3"]
[White "Casella,M"]
[Black "Liou,Y"]
[Result "0-1"]
[WhiteElo "2268"]
[BlackElo "2283"]

1.c4 c6 2.g3 Nf6 3.Bg2 d5 4.Nf3 dxc4 5.O-O g6 6.Na3 Qd5 7.Qc2 Be6 8.Ne1 Qd4
9.e3 Qg4 10.f3 Qf5 11.e4 Qc5+ 12.Kh1 Na6 13.d3 cxd3 14.Qxd3 Bg7 15.Be3 Qa5
16.Qe2 O-O 17.Nec2 Rfd8 18.Nd4 Nc7 19.Nb3 Qa6 20.Qf2 b6 21.g4 Nd7 22.Nd4 Ne5
23.Qh4 Qd3 24.Bg1 Rxd4 25.Bxd4 Qxd4 26.Qxe7 Rc8 27.Rad1 Nd3 28.Qh4 Na6 29.Nc2 Qxb2
30.Rxd3 Qxc2 31.Rfd1 h6 32.f4 Nc5 33.R3d2 Qc4 34.f5 Nxe4 35.Rd8+ Rxd8 36.Qxd8+ Kh7
37.fxe6 Nf2+ 38.Kg1 Nxd1 39.Qxd1 Qxe6 40.Qa4 Qe3+ 41.Kf1 Bd4  0-1

[Event "Kings vs Queens Rapid"]
[Site "Saint Louis USA"]
[Date "2011.09.14"]
[Round "4"]
[White "Krush,I"]
[Black "Finegold,B"]
[Result "1-0"]
[WhiteElo "2472"]
[BlackElo "2489"]

1.c4 c6 2.Nf3 d5 3.e3 Nf6 4.Nc3 g6 5.d4 Bg7 6.Be2 O-O 7.O-O b6 8.b4 Bb7 9.cxd5 Nxd5
10.Qb3 Nxc3 11.Qxc3 Nd7 12.Bb2 c5 13.Rfd1 Rc8 14.Qb3 Bxf3 15.Bxf3 cxd4 16.exd4 b5
17.a4 bxa4 18.Rxa4 Qb6 19.Rda1 Rc7 20.Ra6 Qb8 21.b5 e5 22.Ba3 Rfc8 23.Bd5 exd4
24.Bxf7+ Kh8 25.g3 Ne5 26.Be6 Rc3 27.Qd5 Nf3+ 28.Kg2 Re8 29.Bd6 Qd8 30.Rxa7 Ng5
31.Bd7 Rf8 32.Bxf8 Bxf8 33.Qxd4+ Bg7 34.Qd5 Rc8 35.Ra8 Bxa1 36.Rxc8 Qxc8
37.Bxc8  1-0

[Event "ch-Euro Youth b16"]
[Site "Albena BUL"]
[Date "2011.09.15"]
[Round "5.3"]
[White "Nikologorskiy,K"]
[Black "Santos Latasa,J"]
[Result "1-0"]
[WhiteElo "2308"]
[BlackElo "2309"]

1.c4 c6 2.Nf3 d5 3.b3 Bf5 4.Bb2 e6 5.g3 h6 6.Bg2 Nf6 7.O-O Be7 8.d4 O-O 9.Nbd2 Nbd7
10.a3 Ne4 11.Re1 Qb6 12.Nxe4 Bxe4 13.c5 Qc7 14.b4 a5 15.Bc3 axb4 16.axb4 b5
17.Nd2 Bxg2 18.Kxg2 Rfd8 19.Qc2 Qb7 20.Nb3 Bf6 21.Na5 Qc7 22.f4 Be7 23.Ra2 Ra6
24.Rea1 Rda8 25.f5 exf5 26.Qxf5 Nf6 27.Bd2 Qc8 28.Qxc8+ Rxc8 29.Nb3 Rxa2
30.Rxa2 Ne4 31.Ra6 Kf8 32.Bf4 g5 33.Be3 Ke8 34.g4 Kd7 35.h3 f6 36.Bg1 Nc3
37.Kf3 Ne4 38.Bh2 Ke6 39.Ke3 Bd8 40.Na5 Kd7 41.Ra7+ Ke6 42.Ra6 Kd7 43.Nb7 Be7
44.Ra3 Ke6 45.Ra7 h5 46.gxh5 Rh8 47.Kf3 Rxh5 48.Kg2 Rh8 49.Na5 Rc8 50.Bc7 Nc3
51.Nxc6 Nxe2 52.Nxe7 Kxe7 53.Bd6+ Kd8 54.Be7+ Ke8 55.Bxf6 Nf4+ 56.Kf3 Nxh3
57.Re7+ Kf8 58.Rh7 Rc6 59.Be5 Nf4 60.Kg4 Nd3 61.Bd6+ Kg8 62.Rb7 Nxb4 63.Kxg5 Nd3
64.Rxb5 Kf7 65.Rb7+ Ke8 66.Kf6  1-0

[Event "e2e4 Sunningdale Autumn"]
[Site "Sunningdale ENG"]
[Date "2011.09.16"]
[Round "1"]
[White "Piper,Stephen J"]
[Black "Anderson,J"]
[Result "0-1"]
[WhiteElo "2045"]
[BlackElo "2198"]

1.c4 c6 2.g3 g6 3.Bg2 Bg7 4.Nc3 Nf6 5.d4 d5 6.cxd5 cxd5 7.Qb3 Nc6 8.e3 Na5
9.Qb5+ Bd7 10.Qe2 e6 11.Nh3 O-O 12.O-O Rc8 13.Bd2 Nc4 14.Be1 b5 15.b3 Nd6
16.a3 Qb6 17.Na2 Rc7 18.Nf4 Rfc8 19.Nd3 Rc2 20.Qd1 R2c7 21.Nc5 a5 22.Nc1 Nfe4
23.N1d3 Nf5 24.Nxe4 dxe4 25.Bxe4 Nxd4 26.Bxa5 Qxa5 27.exd4 Bxd4 28.Ra2 Qb6
29.Nb4 Bc3 30.Qe2 Bxb4 31.axb4 Qd4 32.Rd2 Qxb4 33.Rfd1 Qe7 34.Kg2 Be8 35.Rd6 Rc3
36.Qa2 Qf6 37.Qa6 Kg7 38.Qb7 R3c7 39.Qb6 Qe5 40.Bf3 Rc2 41.Rd8 Qc5 42.Qxc5 R2xc5
43.Rxc8 Rxc8 44.Rd6 Rc3 45.Rd8 Kf8 46.Rb8 Ke7 47.Rb7+  0-1

[Event "1st Marcel Duchamp"]
[Site "Buenos Aires ARG"]
[Date "2011.09.17"]
[Round "5"]
[White "Flores,Di"]
[Black "Obregon,A"]
[Result "1-0"]
[WhiteElo "2599"]
[BlackElo "2449"]

1.c4 c6 2.Nf3 d5 3.e3 Nf6 4.Nc3 e6 5.b3 Bd6 6.Bb2 O-O 7.Rc1 Qe7 8.g3 Nbd7
9.Bg2 e5 10.O-O e4 11.Ne1 dxc4 12.bxc4 Nb6 13.Qb3 Bf5 14.f3 exf3 15.Nxf3 Bd3
16.Nd5 cxd5 17.Qxd3 dxc4 18.Qf5 Nfd7 19.Qh5 g6 20.Qh6 f6 21.Nh4 Ne5 22.Bxe5 Bxe5
23.Rxc4 Rad8 24.Rg4 f5 25.Nxf5 Qe6 26.Qh4 Rxd2 27.Be4 Kh8 28.Qh6 Nd7 29.Rh4 Qf7
30.Rg4 gxf5 31.Rxf5 Nf6 32.Qg5 Rc8 33.Rf1 Qe7 34.Bxh7 Rc7 35.Bf5 Nxg4 36.Qh5+ Kg8
37.Qxg4+ Qg7 38.Be6+ Kh7 39.Bf5+ Kg8 40.Be6+ Kh7 41.Qh4+ Kg6 42.Qg4+ Kh6
43.Qh3+ Kg6 44.Qf5+ Kh6 45.Qh3+ Kg6 46.Qg4+ Kh7 47.Qh5+ Qh6 48.Qf5+ Qg6 49.Qxe5 Rcc2
50.Bd5 Kh6 51.Be4 Rc5 52.Qh8+  1-0

[Event "2nd Livigno Open A"]
[Site "Livigno ITA"]
[Date "2011.09.18"]
[Round "9.17"]
[White "Cebalo,M"]
[Black "Molina,Fa"]
[Result "1/2-1/2"]
[WhiteElo "2478"]
[BlackElo "2258"]

1.c4 c6 2.g3 d5 3.Nf3 Nf6 4.Bg2 Bf5 5.cxd5 cxd5 6.Qb3 Qb6 7.Qxb6 axb6 8.d3 e6
9.Nc3 Nc6 10.O-O Bc5 11.a3 h6 12.Nb5 O-O 13.Bf4 g5 14.Bd2 Rfd8 15.b4 Be7
16.Be3 Nd7 17.Rac1 Rdc8 18.Nfd4 Bg6 19.f4 gxf4 20.gxf4 Bh5 21.Nf3 Kh7 22.h3 Rg8
23.Kh2 Rg7 24.Bh1 Rag8 25.Nbd4 Nxd4 26.Bxd4 Bd6 27.e3 f6 28.Bc3 e5 29.fxe5 Bxf3
30.Bxf3 Nxe5 31.Bxe5 Bxe5+ 32.Kh1 Rg3 33.Bg4 Rxe3 34.d4 Bxd4 35.Rc7+ Rg7
36.Bf5+ Kh8 37.Rc8+ Rg8 38.Rc7 Rg7 39.Rc8+ Rg8  1/2-1/2

[Event "ch-Euro Youth b14"]
[Site "Albena BUL"]
[Date "2011.09.19"]
[Round "8.20"]
[White "Piotrowski,P"]
[Black "Popov,Andrey2"]
[Result "0-1"]
[WhiteElo "1960"]
[BlackElo "2062"]

1.c4 c6 2.e4 d5 3.exd5 cxd5 4.d4 Nf6 5.Nc3 e6 6.Nf3 dxc4 7.Bxc4 Be7 8.O-O O-O
9.Be3 Nbd7 10.Ne5 Nb6 11.Bd3 Nbd5 12.Nxd5 Nxd5 13.Qh5 g6 14.Qh3 Bf6 15.Bh6 Bg7
16.Rac1 b6 17.Bxg7 Kxg7 18.Qg3 Bb7 19.h4 Nf6 20.Bb1 Nh5 21.Qh2 Nf6 22.g4 h5
23.g5 Nd5 24.Rfe1 Rc8 25.Qh3  0-1

[Event "4th Mumbai Mayors Cup"]
[Site "Mumbai IND"]
[Date "2011.09.20"]
[Round "6"]
[White "Akshayraj,K"]
[Black "Deviatkin,A"]
[Result "0-1"]
[WhiteElo "2384"]
[BlackElo "2580"]

1.c4 c6 2.d4 d5 3.Nf3 Nf6 4.e3 Bf5 5.Nc3 e6 6.Nh4 Bg6 7.Be2 Nbd7 8.O-O Bd6
9.g3 Qe7 10.Qb3 Rb8 11.Nxg6 hxg6 12.Bf3 O-O 13.Bd2 dxc4 14.Qxc4 e5 15.Bg2 e4
16.Qa4 Nb6 17.Qc2 Rfe8 18.Rfd1 Qe6 19.Be1 g5 20.Rab1 Nbd5 21.h3 g6 22.b4 Nxb4
23.Qa4 b5 24.Qa5 Nbd5 25.Qxa7 Ra8 26.Qb7 Reb8 27.Qxc6 Ne7 28.Qxe4 Nxe4 29.Nxe4 Nf5
30.Nxg5 Qe7 31.h4 Nxe3 32.fxe3 Rxa2 33.Bf2 Re8 34.e4 Rxf2 35.Kxf2 f6 36.Rxb5 Qc7
37.Kg1 Bxg3 38.Rc5 Qf4 39.Nh3 Rxe4 40.Rb1 Re7 41.h5 Qxd4+  0-1

[Event "4th Mumbai Mayors Cup"]
[Site "Mumbai IND"]
[Date "2011.09.23"]
[Round "10"]
[White "Deepan,C"]
[Black "Debashis,D"]
[Result "1/2-1/2"]
[WhiteElo "2470"]
[BlackElo "2375"]

1.c4 c6 2.e4 d5 3.exd5 cxd5 4.d4 Nf6 5.Nc3 e6 6.Nf3 Bb4 7.cxd5 Nxd5 8.Bd2 Nc6
9.Bd3 Ba5 10.O-O O-O 11.Re1 Nce7 12.Rc1 Bd7 13.Ne5 Be8 14.Qh5 Nf6 15.Qh4 Bb6
16.Bg5 Ng6 17.Nxg6 fxg6 18.Bc4 Qxd4 19.Bxe6+ Bf7 20.Bxf6 Qxf6 21.Qxf6 gxf6
22.Nd5 Bd4 23.Rc7 Be5 24.Rxf7 Rxf7 25.f4 Bd4+ 26.Kf1 Re8  1/2-1/2

[Event "2nd Biella Open A"]
[Site "Biella ITA"]
[Date "2011.09.24"]
[Round "3.16"]
[White "Rambaldi,Francesco"]
[Black "Mazzetta,R"]
[Result "1-0"]
[WhiteElo "2176"]
[BlackElo "1925"]

1.c4 c6 2.Nc3 d5 3.d4 Nf6 4.Qb3 e6 5.Nf3 Nbd7 6.Bg5 Qb6 7.c5 Qxb3 8.axb3 g6
9.e3 Bg7 10.b4 O-O 11.Be2 Re8 12.Bf4 e5 13.Nxe5 Nxe5 14.Bxe5 Ne4 15.Bxg7 Nxc3
16.bxc3 Kxg7 17.O-O Be6 18.Bd3 a6 19.f3 f5 20.Kf2 Rad8 21.h4 h5 22.g3 Rd7
23.Rac1 Rde7 24.Rfe1 Kf6 25.Rc2 Kg7 26.Rce2 Bd7 27.Kg2 Be6 28.Kg1 Bd7 29.e4 fxe4
30.fxe4 Bg4 31.Re3 dxe4 32.Rxe4 Rxe4 33.Rxe4 Rxe4 34.Bxe4 Be6 35.Kf2 Kf6
36.Ke3 Bc4 37.Kf4 Bb3 38.Bf3  1-0